| 000 | 00839nam0a22002531 4500 | ||
|---|---|---|---|
| 001 | RU\NLR\INFOCOMM_195\5000037573 | ||
| 005 | 20250613091819.0 | ||
| 035 | _a(NLR Aleph) 009133121 | ||
| 090 |
_a8289537 _c8289537 |
||
| 100 | _a20090717d1920 |||y0rusy50 ca | ||
| 101 | 1 |
_apol _crus |
|
| 102 | _aRU | ||
| 105 | _ay ||||000|y | ||
| 200 | 1 |
_aSzkoła i klasa robotnicza _ePrzekł. z ros. _fP. Błoński _gSocjalistyczna Federacyjna Republika Rad Rosji. Ludowy komisarjat oświaty |
|
| 210 |
_aМ. _cWyd-wo sekcji polskiej Ludowego komisarjatu oświaty _d1920 |
||
| 215 |
_a22 с. _d23 см |
||
| 686 |
_aПр3-100(0) _2rubbk |
||
| 700 | 1 |
_9z01790 _aBlonskij _bP. P. _gPavel Petrovič _4070 |
|
| 790 | 1 |
_9z01700 _aBłoński _bP. _4070 |
|
| 801 | 1 |
_aRU _bNLR _c20090717 |
|
| 801 | 0 |
_aRU _bNLR _gPSBO |
|
| 852 |
_aNLR _j26.21.4.128 |
||
| 942 | _cBOOK | ||
| 980 | _aNB | ||